[Event "BL2-W9495"]
[Site "Germany"]
[Date "1995.??.??"]
[Round "?"]
[White "Dautov, Rustem"]
[Black "Martinovic, Slobodan"]
[Result "1/2-1/2"]
[WhiteElo "2630"]
[BlackElo "2455"]

1.d4 Nf6 2.Nf3 g6 3.c4 Bg7 4.g3 O-O 5.Bg2 d6 6.Nc3 Nc6 7.O-O Bf5 8.b3 Ne4
9.Bb2 Nxc3 10.Bxc3 Be4 11.Rc1 d5 12.e3 e6 13.Qe2 Ne7 14.Rfd1 c6 15.Bf1 Bxf3
16.Qxf3 Nf5 17.b4 a6 18.Bd3 Nd6 19.c5 Nb5 20.Bb2 Qe7 21.Qf4 Nc7 22.a4 Rfe8
23.Qd6 e5 24.Rb1 exd4 25.Qxe7 Rxe7 26.exd4 Ne6 27.Bf1 f5 28.Bc3 Kf7 29.f3 h5
30.Rb3 f4 31.Kf2 Bf6 32.Bb2 fxg3+ 33.hxg3 h4 34.g4 Rh8 35.Re3 h3 36.Kg1 Bg5
37.Re2 Bf4 38.Bc3 Ng5 39.Rxe7+ Kxe7 40.Be2 Kf6 41.Bd2 Re8 42.Bxf4 Rxe2 43.Rf1 Rg2+
44.Kh1 Rb2 45.Be5+ Kf7 46.f4 Ne4 47.Rf3 Nf2+ 48.Kh2 Nxg4+ 49.Kxh3 Nh6 50.b5 axb5
51.axb5 Rxb5 52.Ra3 Nf5 53.Ra8 Rb3+ 54.Kg2 Ne3+ 55.Kf3 Nc4+ 56.Ke2 Ne3 57.Rc8 Nf5
58.Kd2 Ne7 59.Rh8 Nf5 60.Kc2 Rb4 61.Kc3 Rb1 62.Kc2 Rb5 63.Kc3 Ng3 64.Kc2 Nf5
65.Kd3 Ke7 66.Rg8 Kf7 67.Rh8 b6 68.Rh7+ Ke8 69.Rh8+ Ke7 70.Rh7+ Ke8 71.Rh8+ Ke7
72.Rh7+  1/2-1/2

[Event "BL2-W9495"]
[Site "Germany"]
[Date "1995.??.??"]
[Round "?"]
[White "Schlecht, Daniel"]
[Black "Van der Veen, Heinz"]
[Result "1/2-1/2"]
[WhiteElo "2220"]
[BlackElo "2225"]

1.d4 Nf6 2.c4 g6 3.g3 Bg7 4.Bg2 O-O 5.Nf3 d6 6.O-O c6 7.Nc3 Nbd7 8.e4 Qc7
9.h3 e5 10.Re1 Re8 11.d5 cxd5 12.cxd5 a5 13.Be3 Nc5 14.Rc1 Bd7 15.Bf1 b6
16.Nd2  1/2-1/2

[Event "Landesliga N9495 Bayern"]
[Site "Germany"]
[Date "1995.??.??"]
[Round "1"]
[White "Cech, Pavel"]
[Black "Delitzsch, Juergen"]
[Result "1-0"]
[WhiteElo "2385"]
[BlackElo "2255"]

1.d4 Nf6 2.c4 g6 3.Nf3 Bg7 4.g3 O-O 5.Bg2 d6 6.Nc3 Nbd7 7.O-O e5 8.e4 c6
9.h3 Re8 10.d5 Nc5 11.Ne1 cxd5 12.cxd5 a5 13.Nd3 Nfd7 14.Be3 b6 15.Re1 Nxd3
16.Qxd3 Nc5 17.Qd2 Bd7 18.Rab1 Rc8 19.b4 axb4 20.Rxb4 f5 21.Bg5 Qc7 22.Nb5 Qb8
23.Reb1 fxe4 24.Nc3 Qc7 25.Rxb6 e3 26.Bxe3 Bf5 27.Rc6 Qa5 28.Rb5 Qa3 29.Bxc5 dxc5
30.d6 Rxc6 31.Bxc6 Rd8 32.Qd5+ Kh8 33.Ne4 c4 34.Qxc4 Bxe4 35.Bxe4 Qxd6 36.Rd5 Qb8
37.Rxd8+ Qxd8 38.a4 Bf6 39.Qc6 Kg7 40.Bd5 Qe7 41.a5 Qa7 42.a6 Bd8 43.Qe6 Bb6
44.Qxe5+ Kh6 45.Qf4+ Kg7 46.Kg2 Bd4 47.h4 h5 48.Qd6 Bc5 49.Qe6 Kh6 50.Be4 Qg7
51.Qd5 Qe7 52.Qc6  1-0

[Event "JBL NO95/96"]
[Site "Germany"]
[Date "1995.??.??"]
[Round "6"]
[White "Breier, Andreas"]
[Black "Naumann, Alexander"]
[Result "1/2-1/2"]
[WhiteElo "2225"]
[BlackElo "2360"]

1.d4 Nf6 2.c4 g6 3.Nf3 Bg7 4.g3 O-O 5.Bg2 d6 6.O-O Nbd7 7.Qc2 e5 8.Rd1 Re8
9.dxe5 dxe5 10.e4 c6 11.h3 Qc7 12.c5 b6 13.b4 a5 14.cxb6  1/2-1/2

[Event "Giessen op"]
[Site "Giessen"]
[Date "1995.??.??"]
[Round "4"]
[White "Bewersdorff, Oliver"]
[Black "Heck, Norbert"]
[Result "1-0"]
[WhiteElo "2355"]
[BlackElo "2315"]

1.d4 Nf6 2.c4 g6 3.Nf3 Bg7 4.g3 O-O 5.Bg2 d6 6.Nc3 Nbd7 7.O-O e5 8.e4 exd4
9.Nxd4 Re8 10.h3 Nc5 11.Re1 a5 12.b3 c6 13.Rb1 Qb6 14.Be3 Qb4 15.Ndb5 cxb5
16.Nxb5 Ncxe4 17.a3 Qxb5 18.cxb5 Nc3 19.Qxd6 Nxb1 20.Rxb1 Bf5 21.Rc1 Ne4
22.Qb6 Nc3 23.Kh2 a4 24.bxa4 Rxa4 25.Qxb7 Rxa3 26.b6 Ra2 27.Rxc3 Bxc3 28.Bd5 Be6
29.Bxa2 Bxa2 30.Qc6  1-0

[Event "Giessen op"]
[Site "Giessen"]
[Date "1995.??.??"]
[Round "7"]
[White "Heck, Norbert"]
[Black "Schlitter, Achim"]
[Result "1-0"]
[WhiteElo "2315"]
[BlackElo "2025"]

1.d4 Nf6 2.Nf3 g6 3.g3 Bg7 4.Bg2 O-O 5.c4 d6 6.O-O Nbd7 7.Nc3 e5 8.e4 c6
9.h3 Qb6 10.c5 dxc5 11.dxe5 Ne8 12.e6 fxe6 13.Ng5 Ne5 14.f4 c4+ 15.Kh2 Nd3
16.e5 Nc7 17.Nce4 Nd5 18.Qe2 Rb8 19.Nd6 Qa6 20.Be4 Nxc1 21.Raxc1 c3 22.Bd3 Qxa2
23.Nxh7 cxb2 24.Rb1 Rd8 25.Bxg6 Rxd6 26.exd6 Bd7 27.Qh5 Rf8 28.Ng5 Rf6 29.Bf7+ Rxf7
30.Qxf7+ Kh8 31.Qxd7 Nf6 32.Qc8+ Ng8 33.d7  1-0

[Event "GRE-ch94"]
[Site "Glyfada"]
[Date "1995.??.??"]
[Round "1"]
[White "Mastrokoukos, Georgios"]
[Black "Nikolaidis, Konstantinos"]
[Result "0-1"]
[WhiteElo "2425"]
[BlackElo "2290"]

1.d4 Nf6 2.Nf3 g6 3.c4 Bg7 4.g3 O-O 5.Bg2 d6 6.O-O Nc6 7.Nc3 a6 8.d5 Na5
9.Nd2 c5 10.Qc2 Rb8 11.Rb1 b5 12.b3 e5 13.cxb5 axb5 14.b4 cxb4 15.Rxb4 Bd7
16.Qd3 Qe8 17.Qb1 Qc8 18.Qd3 Qc5 19.Ba3 Rfc8 20.Nde4 Nxe4 21.Nxe4 Qb6 22.Rbb1 Nc4
23.Bc1 f5 24.Ng5 Qa5 25.e4 Qd8 26.Ne6 Qf6 27.Bg5 Qf7 28.Rfc1 f4 29.gxf4 h6
30.Bh4 exf4 31.Nxg7 Qxg7 32.f3 g5 33.Bf2 g4 34.fxg4 Ne5 35.Qa3 Nxg4 36.Qxd6 Nxf2
37.e5 Bh3  0-1

[Event "Graz op"]
[Site "Graz"]
[Date "1995.??.??"]
[Round "1"]
[White "Skomorokhin, Roman"]
[Black "Gradwohl, Johann"]
[Result "1-0"]
[WhiteElo "2460"]
[BlackElo "2115"]

1.d4 Nf6 2.c4 g6 3.g3 Bg7 4.Bg2 d6 5.Nf3 O-O 6.O-O Nbd7 7.Qc2 c6 8.Rd1 Qc7
9.e4 e5 10.Nc3 Re8 11.h3 h6 12.Be3 Kh7 13.Rd2 b6 14.Rad1 Ba6 15.dxe5 dxe5
16.Qa4 Bb7 17.a3 Bf8 18.b4 a5 19.Qb3 axb4 20.axb4 Kg7 21.Ne1 Be7 22.Nd3 Nf8
23.f4 exf4 24.Bxf4 Qc8 25.g4 N6d7 26.Qb2 Kh7 27.Rf2 Bf6 28.e5 Bg7 29.Ne4 Ne6
30.Bg3 Qc7 31.Rxf7 Rf8 32.Nf6+ Nxf6 33.Rxc7  1-0

[Event "Graz op"]
[Site "Graz"]
[Date "1995.??.??"]
[Round "8"]
[White "Dizdar, Goran"]
[Black "Stanec, Nikolaus"]
[Result "1/2-1/2"]
[WhiteElo "2535"]
[BlackElo "2480"]

1.d4 Nf6 2.Nf3 g6 3.c4 Bg7 4.g3 O-O 5.Bg2 d6 6.O-O c6 7.Nc3 Qa5 8.e4 Bg4
9.h3 Bxf3 10.Bxf3 Nbd7 11.a3 c5 12.d5 a6 13.Bd2 Qc7 14.Qc2 Rab8 15.Be2 Rfe8
16.a4 e6 17.Rfe1 exd5 18.exd5 Re7 19.f4 Rbe8 20.Bf3 Qd8 21.Rxe7 Rxe7 22.a5 Ne8
23.Kg2 Bd4 24.Qd3 Ng7 25.g4 Ne8 26.Na4 Nef6 27.Re1 Rxe1 28.Bxe1 Ne8 29.g5 Ng7
30.Bg4 Qe8 31.Qe2 Qxe2+ 32.Bxe2 Nf5 33.Bd3 f6 34.h4 Kf7 35.Kf3 Ke7 36.Kg4 Ne3+
37.Kf3 Nf5 38.Nc3 Ng7 39.Nd1 f5 40.Bd2 Kd8 41.Bc2 Nh5 42.Ba4 Ng7 43.Bc1 Nh5
44.Nf2 Bxf2 45.Kxf2 Kc7 46.Bc2 Kd8 47.Kf3 Ke7 48.Ke3 Ng3 49.Kd3 Kd8 50.Bd1 Nh5
51.Kc3 Kc7 52.Kb3 Kd8 53.Ka3 Ng3 54.Be3 Kc7 55.Ba4 Ne4 56.Bd1 Ng3 57.Bd2 Kd8
58.Bc2 Kc7 59.Bb1 Kd8 60.Bd3 Kc7 61.Be3 Nh5 62.Ka2 Kd8 63.Kb1 Kc7 64.Kc1 Kd8
65.Kd2 Kc7 66.Ke2 Kd8 67.Bc2 Ke7 68.Ba4 Kd8 69.Bc1 Ke7 70.Kf3 Kd8 71.b3 Ke7
72.Ba3 Kd8 73.Bxd7 Kxd7 74.b4 cxb4 75.Bxb4 Kc7 76.Ke3 Kd7 77.c5 dxc5 78.Bxc5 Kc7
79.Ba7 b5 80.axb6+ Kb7 81.d6 Ng7 82.Kd4 Ne6+ 83.Ke5 Nc5 84.Kd5 Nd7 85.Ke6 Nc5+
86.Kd5 Nd7 87.Ke6 Nc5+ 88.Kd5  1/2-1/2

[Event "Groningen op"]
[Site "Groningen"]
[Date "1995.??.??"]
[Round "?"]
[White "Baburin, Alexander"]
[Black "Filippov, Valerij"]
[Result "1-0"]
[WhiteElo "2495"]
[BlackElo "2510"]

1.d4 Nf6 2.c4 g6 3.Nf3 Bg7 4.g3 O-O 5.Bg2 d6 6.O-O c6 7.Nc3 Qb6 8.h3 Na6
9.e4 e5 10.Re1 exd4 11.Nxd4 Re8 12.b3 Qa5 13.Bd2 Nd7 14.Nce2 Qh5 15.Qc2 Nac5
16.Nf4 Qe5 17.Bc3 Qe7 18.b4 Ne6 19.Ndxe6 fxe6 20.Bxg7 Kxg7 21.Nd3 e5 22.c5 a5
23.a3 axb4 24.axb4 Rxa1 25.Rxa1 Nf8 26.Qc3 dxc5 27.bxc5 Qf6 28.Ra5 g5 29.Ra7 Re7
30.Ra8 Re8 31.Rb8 Nd7 32.Ra8 Nf8 33.Rb8 Nd7 34.Ra8 Nf8 35.Ra5 Ng6 36.Ra1 Re7
37.Ne1 Nf8 38.Nf3 h5 39.Rd1 Rd7 40.Rxd7+ Nxd7 41.Ne1 Nf8 42.Nd3 Ng6 43.Qb2 Kf8
44.Ne1 Kg7 45.Nf3 Qe7 46.Qc3 Qd8 47.h4 g4 48.Ng5 Qd1+ 49.Kh2 Qd4 50.Qc2 Nf8
51.Qa2 Qd7 52.f4 Ne6 53.Nxe6+ Qxe6 54.Qb2 Kf7 55.f5 Qe7 56.Qc1 Ke8 57.Qh6 Qxc5
58.Qxh5+ Kd8 59.Qxg4 Bd7 60.h5 Qe7 61.h6 Be8 62.Qh4  1-0

[Event "Groningen op"]
[Site "Groningen"]
[Date "1995.??.??"]
[Round "?"]
[White "Baburin, Alexander"]
[Black "Howell, James C"]
[Result "1/2-1/2"]
[WhiteElo "2495"]
[BlackElo "2525"]

1.d4 Nf6 2.c4 g6 3.Nf3 Bg7 4.g3 O-O 5.Bg2 d6 6.O-O Nbd7 7.Nc3 e5 8.e4 exd4
9.Nxd4 Re8 10.h3 a6 11.Re1 Nc5 12.Rb1 h6 13.b4 Ne6 14.Nf3 Nd7 15.Bb2 Ne5
16.Nxe5 dxe5 17.Qxd8 Rxd8 18.Nd5 c6 19.Nb6 Rb8 20.Red1  1/2-1/2

[Event "Groningen op"]
[Site "Groningen"]
[Date "1995.??.??"]
[Round "?"]
[White "Filippov, Valerij"]
[Black "Schebler, Gerhard"]
[Result "0-1"]
[WhiteElo "2510"]
[BlackElo "2415"]

1.Nf3 Nf6 2.c4 g6 3.d4 Bg7 4.g3 O-O 5.Bg2 d6 6.Nc3 c6 7.O-O Qa5 8.h3 Be6
9.d5 cxd5 10.Nd4 dxc4 11.Nxe6 fxe6 12.Bxb7 Nbd7 13.Bxa8 Rxa8 14.e4 Rb8 15.Qe2 Ne5
16.Rb1 Nd3 17.Bd2 Nd7 18.Nd5 Qb5 19.Nc7 Qc6 20.Nxe6 Bxb2 21.Be3 Qxe4 22.Ng5 Qd5
23.Bxa7 Re8 24.f4 Bf6 25.Ne4 Bg7 26.a4 Rc8 27.Rb5 Qe6 28.Qf3 h6 29.a5 d5
30.Nf2 N7c5 31.Bxc5 Rxc5 32.Rfb1 c3 33.Rxc5 Nxc5 34.Kg2 Kh7 35.Rb6 Qc8 36.Qe2 d4
37.Qc2 e6 38.Rb1 Qa8+ 39.Kh2 Qxa5 40.h4 h5 41.Nd3 Nxd3 42.Qxd3 Qf5 43.Qf1 d3
44.Rb7 Qd5 45.Rc7 Qd4 46.Qa1 d2 47.Qd1 Qf2+ 48.Kh3 Qe1  0-1

[Event "Groningen op"]
[Site "Groningen"]
[Date "1995.??.??"]
[Round "?"]
[White "Baburin, Alexander"]
[Black "Reschke, Stefan"]
[Result "1-0"]
[WhiteElo "2495"]
[BlackElo "2380"]

1.d4 Nf6 2.c4 g6 3.Nf3 Bg7 4.g3 O-O 5.Bg2 d6 6.O-O Nbd7 7.Nc3 e5 8.e4 c6
9.b3 Re8 10.h3 a6 11.d5 cxd5 12.cxd5 b5 13.Ne1 Nb6 14.Nd3 Bd7 15.Be3 a5 16.Rc1 Qb8
17.Nb2 a4 18.Nd3 Rc8 19.Nb4 axb3 20.axb3 Qa7 21.Qe2 Qa5 22.Nc6 Bxc6 23.dxc6 Rxc6
24.Qxb5 Qxb5 25.Nxb5 Rxc1 26.Rxc1 Nc8 27.Nc7 Rb8 28.Na6 Ra8 29.Nc7 Rb8 30.b4 Nd7
31.Nd5 Kf8 32.Rc6 Ke8 33.h4 Ne7 34.Nxe7 Kxe7 35.Rc7 Ke8 36.Rc4 Bf6 37.Bh3 Bd8
38.Bg5 Nb6 39.Rc6 Bxg5 40.hxg5 d5 41.Rc5 dxe4 42.Rxe5+ Kf8 43.Rb5 Kg8 44.Bg2 h6
45.gxh6 Kh7 46.Bxe4 Kxh6 47.Kg2 Kg7 48.g4 Kf6 49.g5+ Ke7 50.f4 Nd7 51.Rxb8 Nxb8
52.Kf3 Nd7 53.Ke3 Kd6 54.Kd4 Nb6 55.b5 Nd7 56.Bd5 f6 57.f5  1-0

[Event "Groningen op"]
[Site "Groningen"]
[Date "1995.??.??"]
[Round "?"]
[White "Baburin, Alexander"]
[Black "Visser, Yge"]
[Result "1-0"]
[WhiteElo "2495"]
[BlackElo "2370"]

1.d4 Nf6 2.c4 g6 3.Nf3 Bg7 4.g3 O-O 5.Bg2 d6 6.O-O Nbd7 7.Nc3 e5 8.e4 Re8
9.d5 Nc5 10.Ne1 a5 11.Be3 b6 12.h3 Nh5 13.a3 Bd7 14.b4 axb4 15.axb4 Rxa1
16.Qxa1 Nb3 17.Qd1 Nd4 18.Nc2 Nxc2 19.Qxc2 Rf8 20.Qe2 Qe8 21.c5 bxc5 22.bxc5 f5
23.c6 Bc8 24.Kh2 f4 25.Bd2 Bh6 26.Bf3 Qe7 27.Kg2 Kg7 28.g4 Nf6 29.Ra1 Bg5
30.Ra7 h5 31.Nb5 hxg4 32.hxg4 Ne8 33.Ba5 Kf6 34.Bxc7 Nxc7 35.Rxc7 Qd8 36.Qa2  1-0

[Event "Wch U18"]
[Site "Guarapuava"]
[Date "1995.??.??"]
[Round "2"]
[White "Kempinski, Robert"]
[Black "Peralta, Fernando"]
[Result "1-0"]
[WhiteElo "2455"]
[BlackElo "2330"]

1.d4 Nf6 2.c4 g6 3.Nf3 Bg7 4.g3 O-O 5.Bg2 d6 6.O-O Nbd7 7.Nc3 e5 8.e4 c6
9.b3 Re8 10.Re1 a5 11.h3 exd4 12.Nxd4 Qe7 13.Bf4 Ne5 14.Qc2 Nfd7 15.Rad1 h5
16.Be3 h4 17.g4 Nc5 18.f4 Nxg4 19.hxg4 Bxg4 20.Bf3 Bxd4 21.Bxg4 Bxc3 22.Qxc3 Nxe4
23.Qd4 d5 24.Bc1 f5 25.Bb2 Kh7 26.Bf3 Rad8 27.Bxe4 fxe4 28.Qf6 Rd7 29.cxd5 cxd5
30.Qxe7+ Rexe7 31.Kf2 Rf7 32.Ke3 Rf5 33.Rh1 Rh5 34.Rh3 Kg8 35.Rdh1 Rc7 36.Rxh4 Rxh4
37.Rxh4 Rc2 38.Be5 Rxa2 39.Rh8+ Kf7 40.Rh7+ Ke6 41.Rxb7 g5 42.Rb6+ Kf5 43.Rf6+ Kg4
44.Rg6 Ra3 45.Rxg5+ Kh4 46.Kd4 Rxb3 47.Kxd5 e3 48.Rg1 Kh3 49.Ke4  1-0

[Event "Wch U18 Girls"]
[Site "Guarapuava"]
[Date "1995.??.??"]
[Round "2"]
[White "Khorava, Miranda"]
[Black "Apkhaidze, Natia"]
[Result "1/2-1/2"]
[WhiteElo "2270"]
[BlackElo "2090"]

1.Nf3 Nf6 2.d4 g6 3.g3 Bg7 4.Bg2 O-O 5.c4 d6 6.O-O Nc6 7.Nc3 e5 8.d5 Ne7
9.Ne1 Nd7 10.e4 f5 11.Nd3 Kh8 12.Rb1 a5 13.a3 Ng8 14.f4 exf4 15.Bxf4 Nh6
16.Qd2 Ng4 17.b4 axb4 18.axb4 Nde5 19.Nxe5 Nxe5 20.c5 Bd7 21.Bg5 Qe8 22.Rbe1 Ra3
23.exf5 Bxf5 24.Ne4 Bxe4 25.Bxe4 Rxf1+ 26.Rxf1 Qa8 27.Qf4 Ra1 28.Bb1 Kg8
29.Bf6 Qe8 30.Bxg7 Kxg7 31.Qf6+ Kg8 32.cxd6 cxd6 33.Qxd6 Nf3+ 34.Kg2 Qe2+
35.Rf2 Ne1+ 36.Kg1 Nf3+ 37.Kg2 Ne1+ 38.Kg1  1/2-1/2

[Event "Wch U18"]
[Site "Guarapuava"]
[Date "1995.??.??"]
[Round "9"]
[White "Vescovi, Giovanni"]
[Black "Gelashvili, Tamaz"]
[Result "0-1"]
[WhiteElo "2465"]
[BlackElo "2325"]

1.d4 g6 2.Nf3 Bg7 3.g3 d6 4.Bg2 Nf6 5.c4 O-O 6.Nc3 Nbd7 7.O-O e5 8.e4 Re8
9.Re1 exd4 10.Nxd4 Nc5 11.Rb1 Ng4 12.f4 c6 13.h3 Qb6 14.hxg4 Bxg4 15.Qxg4 Bxd4+
16.Kh2 Bxc3 17.Re2 Bd4 18.Qf3 Ne6 19.Bd2 Qa6 20.f5 Nc5 21.Rf1 Qxc4 22.b3 Qd3
23.Be3 Rf8 24.Bxd4 Qxd4 25.Qf4 Qe5 26.Qh4 f6 27.fxg6 hxg6 28.Qh6 Qh5+ 29.Qxh5 gxh5
30.Rd2 Rad8 31.Rfd1 Kf7 32.Rxd6 Ke7 33.Rxd8 Rxd8 34.Rxd8 Kxd8 35.Kh3 Ke7
36.e5 fxe5 37.Kh4 e4 38.Kg5 e3  0-1

[Event "Haarlem op"]
[Site "Haarlem"]
[Date "1995.??.??"]
[Round "3"]
[White "Horvath, J."]
[Black "Seeman, Tarvo"]
[Result "0-1"]
[WhiteElo "2515"]
[BlackElo "2310"]

1.d4 Nf6 2.Nf3 g6 3.c4 Bg7 4.g3 O-O 5.Bg2 d6 6.Nc3 Nbd7 7.O-O e5 8.e4 c6
9.Rb1 a5 10.h3 Re8 11.Be3 exd4 12.Nxd4 a4 13.Qc2 Qe7 14.Rfe1 Nc5 15.Rbd1 Nfd7
16.f4 Nb6 17.Bf1 h5 18.Bf2 Nbd7 19.b4 axb3 20.axb3 Ra3 21.b4 Ne6 22.Nde2 h4
23.Qb2 hxg3 24.Bxg3 Ra8 25.Bg2 Nef8 26.Nd4 Nb6 27.Bf1 Ne6 28.e5 dxe5 29.fxe5 Na4
30.Nxa4 Rxa4 31.Nc2 Qg5 32.Kh2 Qh5 33.Be2 Qh6 34.h4 Nf4 35.Bf3 Nh5 36.Bxh5 Qxh5
37.Ne3 Be6 38.Rd2 b5 39.Qc3 Rea8 40.Red1 Ra2 41.cxb5 cxb5 42.Ng2 Qg4 43.Qe3 R8a3  0-1

[Event "Hajduboszormeny IM"]
[Site "Hajduboszormeny"]
[Date "1995.??.??"]
[Round "1"]
[White "Lengyel, Ferenc"]
[Black "Emodi, Gyula"]
[Result "1/2-1/2"]
[WhiteElo "2320"]
[BlackElo "2400"]

1.d4 Nf6 2.Nf3 g6 3.g3 Bg7 4.Bg2 O-O 5.c4 d6 6.O-O Nbd7 7.Nc3 e5 8.h3 Re8
9.e4 exd4 10.Nxd4 Nc5 11.Re1 a5 12.Qc2 a4 13.Be3 c6 14.Rad1 Qa5 15.Bf4 Ne6
16.Nxe6 Bxe6 17.Bf1 d5 18.cxd5 cxd5 19.exd5 Nxd5 20.Nxd5 Bxd5 21.Rxe8+ Rxe8
22.Bc7 b6 23.Bxb6 Qa8 24.Bd4 Bf3 25.Rd2 Re1 26.Bc3 Be4 27.Rd3 Bxd3 28.Qxd3 Bxc3
29.Qxc3 Qe4 30.Qc8+ Kg7 31.Qc3+ Qe5 32.Qxe5+ Rxe5 33.Kg2 Rc5 34.Bd3 Rd5 35.Bc2 Rd4
36.Kf3 Rc4 37.Bd1 Rb4 38.a3 Rxb2 39.Bxa4 Ra2 40.Bc6 Rxa3+ 41.Kg2 f5 42.Kf1 Kf6
43.Kg2 Ke5 44.Bf3 Rc3 45.Bb7 h6 46.Bf3 g5  1/2-1/2

[Event "Hajduboszormeny IM"]
[Site "Hajduboszormeny"]
[Date "1995.??.??"]
[Round "9"]
[White "Lengyel, Ferenc"]
[Black "Ballai, Zsolt"]
[Result "1/2-1/2"]
[WhiteElo "2320"]
[BlackElo "2285"]

1.d4 Nf6 2.c4 g6 3.Nf3 Bg7 4.g3 O-O 5.Bg2 d6 6.Nc3 Nc6 7.O-O Rb8 8.h3 a6
9.a4 Bf5 10.g4 Bd7 11.e4 e5 12.Be3 h5 13.dxe5 dxe5 14.g5 Nh7  1/2-1/2

[Event "Wch U20 Girls"]
[Site "Halle"]
[Date "1995.??.??"]
[Round "3"]
[White "Khurtsidze, Nino"]
[Black "Grosar, Kiti"]
[Result "1-0"]
[WhiteElo "2295"]
[BlackElo "2225"]

1.d4 Nf6 2.Nf3 g6 3.c4 Bg7 4.g3 d6 5.Bg2 O-O 6.O-O Nc6 7.Nc3 a6 8.e3 Rb8
9.Qe2 b5 10.Rd1 Qe8 11.Nd5 Nxd5 12.cxd5 Nd8 13.e4 e6 14.Qc2 c6 15.Bf4 Qd7
16.dxe6 Nxe6 17.Be3 Bb7 18.Rac1 Rbc8 19.b4 Qe7 20.Qb3 c5 21.d5 c4 22.Qc2 Nc7
23.Nd4 Ne8 24.a4 Qd7 25.axb5 axb5 26.Ra1 Ra8 27.Rxa8 Bxa8 28.Ra1 Nf6 29.h3 Nh5
30.Ra5 Bxd4 31.Bxd4 Ng7 32.Qb2 Ne8 33.Rxa8  1-0

[Event "Wch U20 Girls"]
[Site "Halle"]
[Date "1995.??.??"]
[Round "5"]
[White "Tuvshintugs, Bayarcec"]
[Black "Apkhaidze, Natia"]
[Result "0-1"]
[WhiteElo "2035"]
[BlackElo "2090"]

1.Nf3 Nf6 2.c4 g6 3.g3 Bg7 4.d4 O-O 5.Bg2 d6 6.O-O Nc6 7.d5 Na5 8.Qc2 c5
9.Nc3 Nxc4 10.b3 Nb6 11.Bb2 Nbxd5 12.Nxd5 Nxd5 13.Bxg7 Kxg7 14.Rad1 Nf6 15.e4 Qc7
16.Rfe1 Bg4 17.h3 Bxf3 18.Bxf3 Rac8 19.Be2 Qc6 20.Bf1 b5 21.e5 dxe5 22.Rxe5 e6
23.Rc1 Nd7 24.Re3 a6 25.h4 e5 26.Qb2 Kg8 27.Bg2 Qd6 28.Qe2 Rc7 29.Rd1 Qe6
30.f4 Re8 31.Kh2 Kg7 32.Bd5 Qf5 33.Rf1 Nf6 34.fxe5 Ng4+ 35.Kg1 Nxe3 36.Rxf5 Nxf5
37.e6 f6 38.g4 Nd4 39.Qh2 Rce7 40.g5 Rxe6 41.Qc7+ R6e7 42.gxf6+ Kxf6 43.Qxc5 Re1+
44.Kh2 R8e2+ 45.Bg2 Ne6 46.Qc3+ Ke7 47.Qb4+ Kf7 48.Qg4 Rf2 49.Kg3 Rf4  0-1

[Event "Wch U20 Girls"]
[Site "Halle"]
[Date "1995.??.??"]
[Round "9"]
[White "Tuvshintugs, Bayarcec"]
[Black "Weng, Annegret"]
[Result "1/2-1/2"]
[WhiteElo "2035"]
[BlackElo "2115"]

1.Nf3 g6 2.g3 Bg7 3.c4 d6 4.d4 Nf6 5.Bg2 O-O 6.O-O Nbd7 7.Nc3 e5 8.e4 Re8
9.Re1 exd4 10.Nxd4 a6 11.h3 Rb8 12.Be3 Ne5 13.b3 c5 14.Nde2 b5 15.cxb5 axb5
16.Nf4 b4 17.Ncd5 Ned7 18.Nxf6+ Nxf6 19.Qc2 Bb7 20.f3 g5 21.Ne2 Nd5 22.Bf2 Bxa1
23.Rxa1 Ba6 24.Re1 Bxe2 25.Rxe2 Nc3 26.Rd2 Qf6 27.Qd3 Red8 28.Rc2 Ra8 29.Qd2 Ra5
30.Be3 Rda8 31.Bxg5 Qd4+ 32.Be3 Qxd2 33.Rxd2 R5a6 34.Bf1 Rb6 35.Bf4 Rxa2
36.Rxd6 Rxd6 37.Bxd6 Ra5 38.Kf2 f6 39.Bc4+ Kg7 40.Ke3 Nd1+ 41.Kf4 Kg6 42.h4 Nb2
43.Bd5 Ra6 44.Bf8 h5 45.g4 c4 46.gxh5+ Kh7 47.Kf5 c3 48.Bxb4 c2 49.Bd2 Nd3
50.Bc4 Rd6 51.f4 c1=Q 52.Bxc1 Nxc1 53.e5 fxe5 54.fxe5 Rb6 55.e6 Nxb3 56.e7 Nd4+
57.Ke4 Rb8 58.Kxd4 Rc8  1/2-1/2

[Event "Wch U20 Girls"]
[Site "Halle"]
[Date "1995.??.??"]
[Round "10"]
[White "Edzgveradze, Natalia"]
[Black "Hagesaether, Nina"]
[Result "1-0"]
[WhiteElo "2320"]
[BlackElo "2070"]

1.d4 Nf6 2.c4 g6 3.g3 Bg7 4.Bg2 d6 5.Nf3 O-O 6.O-O c6 7.Nc3 Nbd7 8.h3 Qc7
9.e4 e5 10.Re1 h6 11.Be3 Kh7 12.Qc2 Re8 13.Rad1 Nf8 14.b3 Be6 15.Qb2 a6 16.d5 cxd5
17.cxd5 Bd7 18.Rc1 Qd8 19.Qa3 Qe7 20.Bb6 Rec8 21.Nd2 Ne8 22.Nc4 Bb5 23.Nb2 Bd7
24.Qb4 f5 25.Nc4 f4 26.g4 g5 27.f3 Ng6 28.Bf1 Bf8 29.a4 Qf6 30.Bf2 Rd8 31.Qxb7 Rab8
32.Qa7 Ra8 33.Qb7 Rab8 34.Qa7 Ra8 35.Qb6 Rdb8 36.Qa5 Rxb3 37.Nb6 Rd8 38.Bc4 Rb2
39.Nd1 Rxf2 40.Kxf2 Rb8 41.Rb1 Nc7 42.Re2 Na8 43.Reb2 Qf7 44.Be2 Be7 45.Qxa6  1-0

[Event "Wch U20"]
[Site "Halle"]
[Date "1995.??.??"]
[Round "10"]
[White "Maherramzade, Javad"]
[Black "Iordachescu, Viorel"]
[Result "0-1"]
[WhiteElo "2295"]
[BlackElo "2435"]

1.d4 Nf6 2.Nf3 g6 3.g3 Bg7 4.Bg2 O-O 5.c4 d6 6.O-O Nbd7 7.Nc3 e5 8.e4 c6
9.h3 Ne8 10.dxe5 dxe5 11.b3 Nc7 12.Ba3 Re8 13.Bd6 Ne6 14.b4 b6 15.Qa4 Bb7
16.Rad1 Qc8 17.h4 Nd4 18.c5 a5 19.Nxd4 exd4 20.Ne2 Ba6 21.Rfe1 d3 22.Nf4 axb4
23.e5 Bb5 24.Qxb4 bxc5 25.Qb2 c4 26.Bh3 Qd8 27.a3 Nb6 28.Qb4 Ra4 29.Qc5 Nd7
30.Bxd7 Qxd7 31.Rb1 Qa7 32.Rxb5 cxb5 33.Qxb5 Qa8 34.Bb4 Bf8 35.Bc3 Qb8 36.Qd7 Rd8
37.Qg4 d2 38.Rd1 Rxa3 39.Ne2 Qa7 40.Rxd2 Rxd2  0-1

[Event "Wch U20"]
[Site "Halle"]
[Date "1995.??.??"]
[Round "12"]
[White "Fridman, Daniel"]
[Black "Iordachescu, Viorel"]
[Result "1-0"]
[WhiteElo "2490"]
[BlackElo "2435"]

1.Nf3 g6 2.d4 Bg7 3.c4 Nf6 4.g3 O-O 5.Bg2 d6 6.O-O Nbd7 7.Nc3 e5 8.h3 c6
9.e4 Ne8 10.Re1 exd4 11.Nxd4 Qb6 12.Nb3 a5 13.Be3 Qb4 14.a3 Qxc4 15.Nd4 f6
16.Bf1 Qf7 17.f4 Kh8 18.b3 f5 19.Bc4 d5 20.exd5 Nb6 21.Rc1 Nxd5 22.Nxc6 bxc6
23.Nxd5 Nd6 24.Nb6 Nxc4 25.bxc4 Rb8 26.Bc5 Re8 27.Rxe8+ Qxe8 28.Qd2 Ba6 29.Rd1 a4
30.Bd4 c5 31.Bxg7+ Kxg7 32.Qc3+ Kh6 33.Rd7 Qf8 34.g4 fxg4 35.Qe5  1-0

[Event "Wch U20"]
[Site "Halle"]
[Date "1995.??.??"]
[Round "13"]
[White "Maherramzade, Javad"]
[Black "Nalbandian, Tigran"]
[Result "0-1"]
[WhiteElo "2295"]
[BlackElo "2460"]

1.d4 Nf6 2.Nf3 g6 3.g3 Bg7 4.Bg2 O-O 5.c4 d6 6.O-O Nbd7 7.Nc3 e5 8.e4 Re8
9.Re1 exd4 10.Nxd4 Nc5 11.f3 c6 12.Be3 a5 13.Qc2 a4 14.Rad1 Qa5 15.Bf4 d5
16.exd5 Rxe1+ 17.Rxe1 cxd5 18.cxd5 Bd7 19.Rd1 Re8 20.Qd2 a3 21.bxa3 Qxa3
22.Ndb5 Qa5 23.Bf1 Na4 24.Nxa4 Qxa4 25.Nd6 Ra8 26.Bc4 Qa3 27.Bb3 b5 28.Ne4 Nxe4
29.fxe4 Re8 30.Re1 Qc5+ 31.Be3 Qc3 32.Qxc3 Bxc3 33.Rc1 b4 34.a4 Rxe4 35.Bb6 Re2
36.a5 Bb5 37.d6 Rb2 38.Bd5 Rd2 39.d7 Bxd7 40.Bb7 Bb5 41.Bg2 Kg7 42.Be3 Ra2
43.Rxc3 bxc3 44.Bd4+ f6 45.Bxc3 Rc2 46.Bd4 Ra2 47.Bb6 Bc4 48.h4 h5 49.Bd8 Kf7
50.Bb7 Ke6 51.Bc7 Kf5 52.Bf3 Ba6 53.Bb6 Rc2 54.Ba7 Bd3 55.Bd5 Be4 56.Bg8 Rc8  0-1

[Event "Wichern op"]
[Site "Hamburg"]
[Date "1995.??.??"]
[Round "9"]
[White "Mednis, Edmar John"]
[Black "Sawatzki, Frank"]
[Result "0-1"]
[WhiteElo "2420"]
[BlackElo "2245"]

1.c4 g6 2.g3 Bg7 3.Bg2 d6 4.d4 Nf6 5.Nf3 O-O 6.O-O Nbd7 7.Nc3 e5 8.e4 exd4
9.Nxd4 Re8 10.h3 a6 11.Re1 Rb8 12.Rb1 Ne5 13.b3 c5 14.Nc2 b5 15.f4 Ned7 16.Qd3 Bb7
17.Bd2 b4 18.Nd1 Qe7 19.Nf2 h5 20.Rbd1 Nf8 21.Ne3 h4 22.g4 Qc7 23.Nd5 Qa5
24.a4 Ne6 25.f5 Nd4 26.Bg5 Nd7 27.Bxh4 Ne5 28.Qg3 Bxd5 29.cxd5 f6 30.Qe3 g5
31.Bg3 Nc2 32.Qe2 Nxe1 33.Rxe1 c4 34.Bxe5 dxe5 35.Qxc4 Rec8 36.Qe2 Bf8 37.Rd1 Rc3
38.d6 Rd8 39.d7 Bc5 40.Bf1 Bd4 41.Rd2 Rxd7 42.Qxa6 Qxa6 43.Bxa6 Rdc7 44.Bc4+ R7xc4
45.bxc4 b3  0-1

[Event "Hania op"]
[Site "Hania"]
[Date "1995.??.??"]
[Round "8"]
[White "Mastrokoukos, Georgios"]
[Black "Nikolaidis, Konstantinos"]
[Result "1/2-1/2"]
[WhiteElo "2425"]
[BlackElo "2315"]

1.Nf3 Nf6 2.c4 d6 3.g3 g6 4.Bg2 Bg7 5.d4 O-O 6.O-O Nc6 7.Nc3 a6 8.b3 Rb8
9.Nd5 b5 10.Nxf6+ Bxf6 11.Bh6 Re8 12.Rc1 e5 13.d5 Ne7 14.e4 bxc4 15.Rxc4 Bd7
16.Rc2 a5 17.Qc1 Rc8 18.Rd1 c6 19.dxc6 Rxc6 20.Rxc6 Bxc6 21.Bg5 Bxg5 22.Qxg5 Qc7
23.Qf6 Nc8 24.Nd2 Bb5 25.Nc4 Bxc4 26.Rc1 Nb6 27.Bf1 a4 28.Bxc4 axb3 29.axb3 Nxc4
30.Rxc4 Qb7 31.b4 d5 32.exd5 Qxd5 33.Qc6 Qxc6 34.Rxc6 Rb8 35.Rc4 Kf8 36.Kf1 Ke7
37.f4 exf4 38.Rxf4 f5 39.Rc4 Kd6 40.Ke2 Ra8 41.Kd3 Ra2 42.Rc2 Ra3+ 43.Rc3 Ra2
44.Rc2  1/2-1/2

[Event "Helsinki PC-SuperSto"]
[Site "Helsinki"]
[Date "1995.??.??"]
[Round "?"]
[White "Koskinen, Henri"]
[Black "Kochyev, Alexander"]
[Result "1/2-1/2"]
[WhiteElo "2260"]
[BlackElo "2455"]

1.d4 Nf6 2.c4 g6 3.Nf3 Bg7 4.g3 O-O 5.Bg2 d6 6.O-O Nbd7 7.Nc3 e5 8.e4 a6
9.dxe5 dxe5 10.a3 c6 11.b4 Qe7 12.c5 Rd8 13.Qc2 Nf8 14.Na4 Bg4 15.Nb6 Rab8
16.Bb2 Ne8 17.h3 Bxf3 18.Bxf3 Ne6 19.Rad1 N8c7 20.Rxd8+ Rxd8 21.Rd1 Nb5 22.Rxd8+ Qxd8
23.Nc4 Nbd4 24.Qd1 Nxf3+ 25.Qxf3 Ng5 26.Qe2 Nxh3+ 27.Kg2 Ng5 28.Bxe5 Bxe5
29.Nxe5 Qd4 30.Nc4 Nxe4 31.Na5 Ng5 32.Qe8+ Kg7 33.Qe3 Qxe3 34.fxe3 Kf6 35.Nxb7 Ke5
36.Nd8 Kd5 37.g4 f6 38.Kg3 h6 39.Kf2 Ne4+ 40.Kf3 Ng5+ 41.Kf2 Ne4+ 42.Kf3 Nc3
43.Kf4 Ne2+ 44.Kf3 Nc3 45.Kf4  1/2-1/2